[Event "4th GRENKE Open 2019"]
[Site "Karlsruhe"]
[Date "2019.04.22"]
[Round "9.97"]
[White "Arcuti, Davide"]
[Black "Prill, Daniel"]
[Result "1/2-1/2"]
[WhiteElo "2358"]
[BlackElo "2205"]
[Annotator "NA"]
[PlyCount "65"]
[EventDate "2019.04.18"]
[EventType "swiss"]
[EventCountry "GER"]
[SourceTitle "playchess.com"]
[Source "ChessBase"]
[SourceQuality "1"]

1. d4 d5 2. c4 c6 3. Nf3 Nf6 4. Nc3 a6 5. e3 Bg4 6. h3 Bxf3 7. Qxf3 e6 8. Bd2 Nbd7 9. Bd3 Bd6 10. O-O O-O 11. Rad1 Re8 12. Rfe1 Qc7 13. c5 Bf8 14. e4 dxe4 15. Nxe4 Nxe4 16. Qxe4 g6 17. Bf4 Qd8 18. Qf3 Bg7 19. Bc4 Qc8 20. Bg5 Qc7 21. Bf4 Qc8 22. Bg5 Qc7 23. h4 h5 24. a3 Nf8 25. Re4 Nh7 26. Bf4 Qd7 27. Be5 Rad8 28. Rd3 Qe7 29. b4 Nf6 30. Bxf6 Qxf6 31. Qe2 Rd7 32. g3 Qd8 33. Qe3 1/2-1/2

[Event "4th GRENKE Open 2019"]
[Site "Karlsruhe"]
[Date "2019.04.22"]
[Round "9.98"]
[White "Le Goff, Ronan"]
[Black "Kulon, Klaudia"]
[Result "0-1"]
[WhiteElo "2186"]
[BlackElo "2351"]
[Annotator "NA"]
[PlyCount "100"]
[EventDate "2019.04.18"]
[EventType "swiss"]
[EventCountry "GER"]
[SourceTitle "playchess.com"]
[Source "ChessBase"]
[SourceQuality "1"]

1. d4 Nf6 2. Nf3 g6 3. Nc3 c5 4. d5 d6 5. e4 Bg7 6. Bb5+ Nbd7 7. a4 O-O 8. O-O Rb8 9. Re1 Ne8 10. Bf1 a6 11. Bf4 Qc7 12. Qd2 Ne5 13. Nxe5 dxe5 14. Be3 Nd6 15. a5 Bd7 16. f3 f5 17. Bf2 h6 18. Na4 Bxa4 19. Rxa4 fxe4 20. fxe4 Rf7 21. Qc3 Rc8 22. Qh3 Rcf8 23. Be3 Kh7 24. Be2 c4 25. Bb6 Qc8 26. Bg4 Qb8 27. g3 h5 28. Raa1 Bh6 29. Be6 Rf6 30. Qg2 Qe8 31. c3 Qb5 32. Qc2 Rf3 33. Bh3 h4 34. Kg2 Rd3 35. Rad1 hxg3 36. hxg3 Rff3 37. Bf2 Nxe4 38. Rxe4 Qxd5 39. Rde1 Rfe3 40. Bxe3 Qxe4+ 41. Kh2 Bxe3 42. Bg2 Qf5 43. Qe2 Bf2 44. Rf1 Bxg3+ 45. Kg1 Bf4 46. Rf3 Kg7 47. Qf1 Qd7 48. Qe2 Rd2 49. Qxc4 Rxg2+ 50. Kxg2 Qg4+ 0-1

[Event "4th GRENKE Open 2019"]
[Site "Karlsruhe"]
[Date "2019.04.22"]
[Round "9.99"]
[White "Nebolsina, Vera"]
[Black "Krastev, Alexander"]
[Result "0-1"]
[WhiteElo "2242"]
[BlackElo "2351"]
[Annotator "ChessBase"]
[PlyCount "212"]
[EventDate "2019.04.18"]
[EventType "swiss"]
[EventCountry "GER"]
[SourceTitle "playchess.com"]
[Source "ChessBase"]
[SourceQuality "1"]

1. e4 e5 2. Nf3 Nc6 3. Bb5 a6 4. Ba4 Nf6 5. O-O Be7 6. Re1 b5 7. Bb3 d6 8. c3 O-O 9. d4 Bg4 10. d5 Na5 11. Bc2 c6 12. h3 Bc8 13. dxc6 Qc7 14. Nbd2 Qxc6 15. Nf1 Re8 16. Ng3 Bf8 17. Nh4 Nc4 18. Qf3 Bb7 19. b3 Nb6 20. Bg5 Re6 21. Rac1 Nbd7 22. c4 b4 23. Nhf5 a5 24. Bd2 Nc5 25. Bg5 Ne8 26. Qg4 Rg6 27. Qh4 h6 28. Bd2 Nf6 29. f3 Ne6 30. Nf1 Nd7 31. Kh2 Ndc5 32. Qf2 Re8 33. N1e3 Nf4 34. Qf1 Bc8 35. g3 Nh5 36. g4 Nf4 37. Nd5 Nce6 38. Qf2 h5 39. Qa7 Qc5 40. Be3 Qxa7 41. Bxa7 Ng5 42. Nxf4 Nxf3+ 43. Kg3 Nxe1 44. Nxg6 fxg6 45. Rxe1 gxf5 46. exf5 hxg4 47. Be4 gxh3 48. Bb6 Kf7 49. Bxa5 Kf6 50. Bc6 Re7 51. Bxb4 Ra7 52. a4 Bxf5 53. Bc3 g6 54. Bd2 d5 55. Bxd5 e4 56. Bf4 Bb4 57. Rf1 Re7 58. a5 e3 59. Bf3 e2 60. Bxe2 Rxe2 61. Ra1 h2 62. Kf3 Ra2 63. Rh1 Bxa5 64. Rxh2 Rxh2 65. Bxh2 Bc2 66. c5 Bxb3 67. Ke4 Ke6 68. Bb8 Bd5+ 69. Kf4 Bd2+ 70. Kg4 Be3 71. Bd6 Kd7 72. Bf8 Kc6 73. Bg7 Kxc5 74. Bf8+ Kc4 75. Bg7 Kd3 76. Bf6 Ke4 77. Bg7 Be6+ 78. Kg3 Bf4+ 79. Kf2 g5 80. Bf6 g4 81. Bh4 Bd5 82. Ke2 Be3 83. Bg3 Bc4+ 84. Ke1 Kf3 85. Bd6 g3 86. Bxg3 Kxg3 87. Kd1 Kf3 88. Kc2 Ke4 89. Kc3 Be6 90. Kb4 Kd5 91. Kc3 Bf5 92. Kb4 Bd4 93. Kb5 Bd3+ 94. Kb4 Bc4 95. Ka4 Kc5 96. Ka5 Bc3+ 97. Ka4 Bb2 98. Ka5 Bb3 99. Ka6 Kc6 100. Ka5 Ba3 101. Ka6 Bb4 102. Ka7 Bc4 103. Kb8 Be6 104. Ka7 Kc7 105. Ka6 Bc4+ 106. Ka7 Bc5+ 0-1

[Event "4th GRENKE Open 2019"]
[Site "Karlsruhe"]
[Date "2019.04.22"]
[Round "9.100"]
[White "Khaetsky, Roman"]
[Black "Laengl, Juergen"]
[Result "1-0"]
[WhiteElo "2344"]
[BlackElo "2199"]
[Annotator "ChessBase"]
[PlyCount "91"]
[EventDate "2019.04.18"]
[EventType "swiss"]
[EventCountry "GER"]
[SourceTitle "playchess.com"]
[Source "ChessBase"]
[SourceQuality "1"]

1. e4 e6 2. d4 d5 3. e5 c5 4. f4 cxd4 5. Nf3 Bb4+ 6. Nbd2 Nc6 7. Bd3 Nge7 8. O-O Nf5 9. Bxf5 exf5 10. Nb3 Qb6 11. Kh1 Bd7 12. Nbxd4 Nxd4 13. Nxd4 Bc5 14. Be3 Rc8 15. Qd2 Qc7 16. c3 Bxd4 17. Qxd4 b6 18. Qxd5 Bc6 19. Qd2 O-O 20. Bd4 Rfe8 21. h3 Re6 22. Kh2 Rg6 23. Rf2 Qe7 24. Rd1 Rd8 25. Qe3 h5 26. Rdd2 h4 27. Qe2 Rh6 28. Be3 Rxd2 29. Qxd2 Rg6 30. c4 Be4 31. Bd4 Qc7 32. b3 Qc6 33. Bc3 Kh7 34. Bb4 Qb7 35. Qb2 a5 36. Be1 Qc6 37. Rd2 Qc5 38. Bxh4 Qe3 39. Bg5 f6 40. exf6 gxf6 41. Rd8 Rxg5 42. fxg5 f4 43. Qd2 Qg3+ 44. Kg1 Bf5 45. gxf6 Bxh3 46. Qd3+ 1-0

[Event "4th GRENKE Open 2019"]
[Site "Karlsruhe"]
[Date "2019.04.22"]
[Round "9.101"]
[White "Xiong, Ferdinand"]
[Black "Franklin, Samuel G A"]
[Result "1/2-1/2"]
[WhiteElo "2181"]
[BlackElo "2344"]
[Annotator "NA"]
[PlyCount "37"]
[EventDate "2019.04.18"]
[EventType "swiss"]
[EventCountry "GER"]
[SourceTitle "playchess.com"]
[Source "ChessBase"]
[SourceQuality "1"]

1. Nf3 Nf6 2. c4 g6 3. g3 Bg7 4. Bg2 O-O 5. d4 d6 6. Nc3 Nc6 7. O-O Rb8 8. Bf4 a6 9. Rc1 h6 10. h3 Re8 11. c5 g5 12. Be3 e5 13. cxd6 cxd6 14. dxe5 dxe5 15. Qxd8 Rxd8 16. Bb6 Re8 17. e4 Be6 18. Rfd1 Rbc8 19. b3 1/2-1/2

[Event "4th GRENKE Open 2019"]
[Site "Karlsruhe"]
[Date "2019.04.22"]
[Round "9.102"]
[White "Abel, Thomas"]
[Black "Elgersma, Onno"]
[Result "1-0"]
[WhiteElo "2336"]
[BlackElo "2174"]
[Annotator "NA"]
[PlyCount "47"]
[EventDate "2019.04.18"]
[EventType "swiss"]
[EventCountry "GER"]
[SourceTitle "playchess.com"]
[Source "ChessBase"]
[SourceQuality "1"]

1. d4 Nf6 2. c4 e6 3. Nf3 d5 4. g3 Be7 5. Bg2 O-O 6. O-O dxc4 7. Ne5 Nc6 8. Bxc6 bxc6 9. Nxc6 Qe8 10. Nxe7+ Qxe7 11. Qa4 e5 12. dxe5 Qxe5 13. Qxc4 Be6 14. Qc2 Bf5 15. Qc4 Be6 16. Qd3 Rad8 17. Qe3 Qh5 18. f3 Bc4 19. Nc3 Rfe8 20. Qf2 Nd5 21. g4 Qg6 22. Nxd5 Rxe2 23. Qxe2 Bxe2 24. Ne7+ 1-0

[Event "4th GRENKE Open 2019"]
[Site "Karlsruhe"]
[Date "2019.04.22"]
[Round "9.103"]
[White "Boev, Viktor"]
[Black "Hoolt, Sarah"]
[Result "0-1"]
[WhiteElo "2182"]
[BlackElo "2328"]
[Annotator "NA"]
[PlyCount "52"]
[EventDate "2019.04.18"]
[EventType "swiss"]
[EventCountry "GER"]
[SourceTitle "playchess.com"]
[Source "ChessBase"]
[SourceQuality "1"]

1. e4 e6 2. d4 d5 3. Bd3 dxe4 4. Bxe4 Nf6 5. Bf3 c5 6. Ne2 Nc6 7. Be3 Be7 8. O-O O-O 9. c4 Qa5 10. Qc2 cxd4 11. Nxd4 Ne5 12. Be2 Neg4 13. Bf4 e5 14. Nb3 Qc7 15. Bg5 e4 16. g3 Qe5 17. Bf4 Qh5 18. h4 Bf5 19. Nd4 Bc5 20. Nxf5 Qxf5 21. Bxg4 Qxg4 22. Kh2 Qf3 23. Nc3 Ng4+ 24. Kg1 e3 25. fxe3 Bxe3+ 26. Bxe3 Qxg3+ 0-1

[Event "4th GRENKE Open 2019"]
[Site "Karlsruhe"]
[Date "2019.04.22"]
[Round "9.104"]
[White "Suvorov, Alexander"]
[Black "Sbarra, Marco"]
[Result "0-1"]
[WhiteElo "2323"]
[BlackElo "2180"]
[Annotator "NA"]
[PlyCount "72"]
[EventDate "2019.04.18"]
[EventType "swiss"]
[EventCountry "GER"]
[SourceTitle "playchess.com"]
[Source "ChessBase"]
[SourceQuality "1"]

1. d4 d5 2. c4 e6 3. Nc3 c5 4. cxd5 exd5 5. Nf3 Nc6 6. g3 Nf6 7. Bg2 Be7 8. O-O O-O 9. dxc5 Bxc5 10. Na4 Be7 11. Be3 Re8 12. Rc1 Bg4 13. h3 Bxf3 14. Bxf3 Qd7 15. Bg2 d4 16. Bg5 Ne4 17. Bxe7 Qxe7 18. a3 Rad8 19. Qd3 Rd6 20. b4 Re6 21. e3 Nxf2 22. Rxf2 dxe3 23. Re2 Rd6 24. Qc3 Nd4 25. Ree1 h6 26. Qc7 Qe5 27. Qxb7 Qxg3 28. Kh1 e2 29. Nc3 Rde6 30. Qd5 Nc2 31. Rxe2 Rxe2 32. Nxe2 Rxe2 33. Qa8+ Kh7 34. Rg1 f5 35. Qxa7 Ne3 36. Qc5 Rxg2 0-1

[Event "4th GRENKE Open 2019"]
[Site "Karlsruhe"]
[Date "2019.04.22"]
[Round "9.105"]
[White "Rahal, Michael A"]
[Black "Gulatz, Maurice"]
[Result "1/2-1/2"]
[WhiteElo "2321"]
[BlackElo "2160"]
[Annotator "NA"]
[PlyCount "82"]
[EventDate "2019.04.18"]
[EventType "swiss"]
[EventCountry "GER"]
[SourceTitle "playchess.com"]
[Source "ChessBase"]
[SourceQuality "1"]

1. e4 c5 2. Nf3 d6 3. d4 cxd4 4. Nxd4 Nf6 5. f3 e5 6. Nb3 Be6 7. c4 Nbd7 8. Be3 Rc8 9. Na3 a6 10. Be2 Be7 11. O-O O-O 12. Rc1 Ne8 13. Qd2 Kh8 14. Rfd1 Qc7 15. Nc2 f5 16. exf5 Bxf5 17. Nb4 Nef6 18. Nd5 Nxd5 19. cxd5 Qb8 20. Bd3 Bxd3 21. Qxd3 Rxc1 22. Nxc1 Bd8 23. Ne2 Bb6 24. Bxb6 Nxb6 25. Nc3 Qc7 26. Ne4 h6 27. h3 Nc8 28. Kh2 Ne7 29. Qa3 Rd8 30. Rd3 Qd7 31. Qb4 Ng6 32. Rb3 b5 33. Qa5 Rc8 34. Rc3 Rxc3 35. bxc3 Qf5 36. Qd8+ Kh7 37. Qxd6 Qf4+ 38. Kh1 Qc1+ 39. Kh2 Qf4+ 40. Kh1 Qc1+ 41. Kh2 Qf4+ 1/2-1/2

[Event "4th GRENKE Open 2019"]
[Site "Karlsruhe"]
[Date "2019.04.22"]
[Round "9.107"]
[White "Svane, Frederik"]
[Black "Boehm, Juergen"]
[Result "1-0"]
[WhiteElo "2309"]
[BlackElo "2163"]
[Annotator "NA"]
[PlyCount "47"]
[EventDate "2019.04.18"]
[EventType "swiss"]
[EventCountry "GER"]
[SourceTitle "playchess.com"]
[Source "ChessBase"]
[SourceQuality "1"]

1. c4 Nf6 2. Nf3 e6 3. g3 d5 4. Bg2 dxc4 5. Qa4+ Nbd7 6. Qxc4 a6 7. Qc2 c5 8. O-O Be7 9. Nc3 O-O 10. d4 cxd4 11. Nxd4 Nc5 12. Rd1 Qb6 13. e4 e5 14. Nf5 Bxf5 15. exf5 Rac8 16. Bg5 Rfd8 17. Rxd8+ Qxd8 18. Rd1 Qf8 19. Bxf6 Bxf6 20. Nd5 Ne6 21. Qb3 Nd4 22. Qxb7 Qc5 23. Qxa6 Qc2 24. Ne3 1-0

[Event "4th GRENKE Open 2019"]
[Site "Karlsruhe"]
[Date "2019.04.22"]
[Round "9.108"]
[White "Siddharth, Jagadeesh"]
[Black "Kowalski, Igor"]
[Result "0-1"]
[WhiteElo "2132"]
[BlackElo "2307"]
[Annotator "NA"]
[PlyCount "78"]
[EventDate "2019.04.18"]
[EventType "swiss"]
[EventCountry "GER"]
[SourceTitle "playchess.com"]
[Source "ChessBase"]
[SourceQuality "1"]

1. d4 Nf6 2. c4 g6 3. g3 c6 4. Bg2 d5 5. Nf3 Bg7 6. O-O O-O 7. Nbd2 a5 8. b3 a4 9. Bb2 Bf5 10. Nh4 Be6 11. Qc2 Qc8 12. Rac1 axb3 13. axb3 Na6 14. Bc3 Bh3 15. e4 dxe4 16. Nxe4 Bxg2 17. Kxg2 Rd8 18. Nxf6+ Bxf6 19. Qe4 Nc7 20. Nf3 Ra2 21. Rfd1 Qf5 22. Qe3 Ne6 23. Ra1 Rc2 24. Rac1 h5 25. h4 Bg7 26. Ba1 Ra2 27. Bc3 Kh7 28. Ng5+ Nxg5 29. hxg5 e6 30. Rh1 c5 31. d5 exd5 32. Bxg7 Kxg7 33. Qxc5 Qe4+ 34. Kg1 d4 35. Qb6 Qf3 36. Rf1 Rd7 37. Rh4 Rxf2 38. Rxf2 Qxg3+ 39. Kf1 Qxh4 0-1

[Event "4th GRENKE Open 2019"]
[Site "Karlsruhe"]
[Date "2019.04.22"]
[Round "9.109"]
[White "Meier, Lukas"]
[Black "Hess, Max"]
[Result "0-1"]
[WhiteElo "2126"]
[BlackElo "2307"]
[Annotator "NA"]
[PlyCount "62"]
[EventDate "2019.04.18"]
[EventType "swiss"]
[EventCountry "GER"]
[SourceTitle "playchess.com"]
[Source "ChessBase"]
[SourceQuality "1"]

1. e4 c6 2. d3 d5 3. Nd2 g6 4. Ngf3 Bg7 5. d4 dxe4 6. Nxe4 Nf6 7. Nxf6+ exf6 8. Bc4 O-O 9. O-O a5 10. a4 Na6 11. c3 Nc7 12. b3 Be6 13. Ba3 Re8 14. Re1 Nd5 15. Qd2 h5 16. Bf1 Qc7 17. Kh1 Rad8 18. c4 Ne7 19. h3 Nf5 20. Rad1 Rd7 21. Bb2 Red8 22. Bc3 g5 23. c5 g4 24. Ng1 Bh6 25. Bxa5 Bxd2 26. Bxc7 Bxe1 27. Bxd8 Bxf2 28. Bxf6 Ng3+ 29. Kh2 Ne4 30. Be5 g3+ 31. Kh1 Be3 0-1

[Event "4th GRENKE Open 2019"]
[Site "Karlsruhe"]
[Date "2019.04.22"]
[Round "9.110"]
[White "Savitha Shri B"]
[Black "Bharath Subramaniyam H"]
[Result "0-1"]
[WhiteElo "1895"]
[BlackElo "2301"]
[Annotator "ChessBase"]
[PlyCount "92"]
[EventDate "2019.04.18"]
[EventType "swiss"]
[EventCountry "GER"]
[SourceTitle "playchess.com"]
[Source "ChessBase"]
[SourceQuality "1"]

1. Nf3 Nf6 2. g3 b6 3. Bg2 Bb7 4. c4 c5 5. b3 e6 6. O-O Be7 7. Bb2 O-O 8. d4 cxd4 9. Nxd4 Bxg2 10. Kxg2 a6 11. Nd2 Qc7 12. N2f3 d6 13. Re1 Qb7 14. a4 Nbd7 15. b4 Rac8 16. Rc1 d5 17. cxd5 Nxd5 18. b5 Bf6 19. Qd2 Rxc1 20. Rxc1 Nc5 21. Ba3 Rc8 22. a5 axb5 23. axb6 Qxb6 24. e4 b4 25. Bb2 Nc7 26. Qe3 N7a6 27. Nd2 Qb7 28. f3 Rd8 29. Nc4 Qd7 30. e5 Be7 31. Na5 Rc8 32. Qe2 Bd8 33. Nc4 Bc7 34. Rd1 Rd8 35. Ne3 Qe8 36. Ng4 Rd5 37. f4 Qd8 38. Ne3 Rd7 39. h4 Qa8+ 40. Kh3 h6 41. g4 Qe4 42. Ba1 Qxf4 43. Nc4 Qe4 44. Qf1 b3 45. Re1 Qd3+ 46. Qxd3 Nxd3 0-1

[Event "4th GRENKE Open 2019"]
[Site "Karlsruhe"]
[Date "2019.04.22"]
[Round "9.111"]
[White "Gegenfurtner, Juergen"]
[Black "Schimnatkowski, Lukas"]
[Result "1-0"]
[WhiteElo "2300"]
[BlackElo "2102"]
[Annotator "NA"]
[PlyCount "77"]
[EventDate "2019.04.18"]
[EventType "swiss"]
[EventCountry "GER"]
[SourceTitle "playchess.com"]
[Source "ChessBase"]
[SourceQuality "1"]

1. e4 c5 2. Nf3 d6 3. d4 cxd4 4. Nxd4 Nf6 5. Nc3 g6 6. Be3 Bg7 7. f3 a6 8. Bc4 Nbd7 9. Qd2 b5 10. Bb3 Bb7 11. O-O-O Qc7 12. Kb1 Ne5 13. Bh6 Bxh6 14. Qxh6 Nc4 15. Rhe1 Qc5 16. f4 Qh5 17. Qxh5 Nxh5 18. g3 Rc8 19. a4 b4 20. Na2 a5 21. Bxc4 Rxc4 22. e5 Kd7 23. Nc1 Ra8 24. Ncb3 Bc6 25. exd6 exd6 26. Nxc6 Rxc6 27. Rd5 Nf6 28. Rxa5 Rxa5 29. Nxa5 Ra6 30. Nc4 d5 31. Ne5+ Ke6 32. b3 Ne4 33. Kb2 Rb6 34. Nd3 Kf5 35. a5 Rb8 36. a6 f6 37. Nxb4 Ra8 38. Nxd5 Rxa6 39. Ne7+ 1-0

[Event "4th GRENKE Open 2019"]
[Site "Karlsruhe"]
[Date "2019.04.22"]
[Round "9.112"]
[White "Heimrath, Reiner"]
[Black "Lubbe, Nikolas"]
[Result "1/2-1/2"]
[WhiteElo "2232"]
[BlackElo "2452"]
[Annotator "ChessBase"]
[PlyCount "49"]
[EventDate "2019.04.18"]
[EventType "swiss"]
[EventCountry "GER"]
[SourceTitle "playchess.com"]
[Source "ChessBase"]
[SourceQuality "1"]

1. e4 c5 2. Nc3 Nc6 3. g3 e5 4. Bg2 d6 5. Nd5 h5 6. h4 Bg4 7. Bf3 Bxf3 8. Nxf3 Nge7 9. c4 Qd7 10. d3 Nxd5 11. cxd5 Nd8 12. a4 Be7 13. Be3 f5 14. Nd2 O-O 15. f3 Nf7 16. Qe2 Rab8 17. Qg2 Nh8 18. Qh3 Ng6 19. O-O Rf7 20. Rfb1 Rbf8 21. b4 b6 22. bxc5 bxc5 23. a5 Bd8 24. Bg5 Ne7 25. Nc4 1/2-1/2